| 000 | 004990000a22001810004500 | ||
|---|---|---|---|
| 020 | _a0-664-24198-0 | ||
| 041 | 0 | _aENG | |
| 082 | 0 | 4 | _aG 273 M6471c |
| 100 | 1 | _aMiller, John M. | |
| 245 | 1 | 0 | _aThe contentious community : Constructive conflict in the church / John M. Miller |
| 260 | _aPhiladelphia, PA., USA : Westminster | ||
| 300 | _a107 Pag | ||
| 001 | 8443 | ||
| 942 | _cBK | ||
| 999 |
_c38593 _d38593 |
||
| 336 |
_atexto _btxt _2rdacontent |
||
| 337 |
_2rdamedia _asin mediación _bn |
||
| 338 |
_2rdacarrier _avolumen _bnc |
||